000 00329nam a22001457a 4500
020 _qPB.
040 _cFIZZA ISHAQ
082 _a551.8
_bDON
100 _aRAGAN, DONALM.
_986402
245 _aSTRUCTURAL GEOLOGY /
_cDONALM RAGAN.
250 _a4th ED.
260 _aNEW YORK :
_c2009.
300 _a602 P. ;
942 _2ddc
_cBK
999 _c587307
_d587307